Radiología odontológica / (Registro nro. 1753)

Detalles MARC
000 -CABECERA
campo de control de longitud fija 00963nam a2200289Ia 4500
003 - IDENTIFICADOR DEL NÚMERO DE CONTROL
campo de control AR-RoIUNI
005 - FECHA Y HORA DE LA ÚLTIMA TRANSACCIÓN
campo de control 20241122062914.0
007 - CAMPO FIJO DE DESCRIPCIÓN FÍSICA--INFORMACIÓN GENERAL
campo de control de longitud fija ta
008 - DATOS DE LONGITUD FIJA--INFORMACIÓN GENERAL
campo de control de longitud fija 150616s2010 ag r 000 0 spa d
020 ## - NÚMERO INTERNACIONAL ESTÁNDAR DEL LIBRO
Número Internacional Estándar del Libro 9789500602594
040 ## - FUENTE DE LA CATALOGACIÓN
Centro/agencia transcriptor AR-RoIUNI
Lengua de catalogación spa
Normas de descripción aarc2
080 ## - NÚMERO DE LA CLASIFICACIÓN DECIMAL UNIVERSAL
Número de la Clasificación Decimal Universal 616.314-073.7
100 1# - ENTRADA PRINCIPAL--NOMBRE DE PERSONA
Nombre de persona Whaites, Eric.
245 10 - MENCIÓN DE TÍTULO
Título Radiología odontológica /
Mención de responsabilidad, etc. escrito e ilustrado por Eric Whaites ; prólogo de Mabel Slater.
250 ## - MENCIÓN DE EDICIÓN
Mención de edición 2a. ed.
260 ## - PUBLICACIÓN, DISTRIBUCIÓN, ETC. (PIE DE IMPRENTA)
Lugar de publicación, distribución, etc. Buenos Aires :
Nombre del editor, distribuidor, etc. Médica Panamericana,
Fecha de publicación, distribución, etc. 2010.
300 ## - DESCRIPCIÓN FÍSICA
Extensión 276 p. :
Otras características físicas il. ;
Dimensiones 24 cm
504 ## - NOTA DE BIBLIOGRAFÍA, ETC.
Bibliografía, etc. Incluye índice.
505 0# - NOTA DE CONTENIDO CON FORMATO
Nota de contenido con formato Parte 1. Introducción -- Parte 2. Física de las radiaciones y equipamiento -- Parte 3. Protección ante la radiación -- Parte 4. Radiografía -- Parte 5. Radiología.
650 #0 - PUNTO DE ACCESO ADICIONAL DE MATERIA--TÉRMINO DE MATERIA
Término de materia o nombre geográfico como elemento inicial Odontología
9 (RLIN) 546
650 #4 - PUNTO DE ACCESO ADICIONAL DE MATERIA--TÉRMINO DE MATERIA
Término de materia o nombre geográfico como elemento inicial DIAGNÓSTICO POR IMÁGENES
9 (RLIN) 203
650 #4 - PUNTO DE ACCESO ADICIONAL DE MATERIA--TÉRMINO DE MATERIA
Término de materia o nombre geográfico como elemento inicial DIENTES
650 #4 - PUNTO DE ACCESO ADICIONAL DE MATERIA--TÉRMINO DE MATERIA
Término de materia o nombre geográfico como elemento inicial RADIOGRAFÍA
650 #4 - PUNTO DE ACCESO ADICIONAL DE MATERIA--TÉRMINO DE MATERIA
Término de materia o nombre geográfico como elemento inicial RADIOLOGÍA
9 (RLIN) 160
700 1# - PUNTO DE ACCESO ADICIONAL--NOMBRE DE PERSONA
Nombre de persona Slater, Mabel.
942 ## - ELEMENTOS DE PUNTO DE ACCESO ADICIONAL (KOHA)
Tipo de ítem Koha Libros
Fuente del sistema de clasificación o colocación Clasificación Decimal Universal
Existencias
Estado de retiro Estado de pérdida Fuente del sistema de clasificación o colocación Estado dañado Excepción de préstamo Código de colección Localización permanente Ubicación/localización actual Ubicación en estantería Fecha de adquisición Número de inventario Total de préstamos Signatura topográfica completa Código de barras Fecha visto por última vez Fecha del último préstamo Número de copia Precio válido a partir de Tipo de ítem Koha Renovaciones totales En préstamo
    Clasificación Decimal Universal     Odontología BIBLIOTECA RIOBAMBA BIBLIOTECA RIOBAMBA BIBLIOTECA RIOBAMBA 16/06/2015 1754 2 616.314-073.7 WHA 1754 10/04/2026 17/03/2026 2 16/06/2015 Libros    
    Clasificación Decimal Universal     Odontología BIBLIOTECA RIOBAMBA BIBLIOTECA RIOBAMBA BIBLIOTECA RIOBAMBA 11/08/2015 2896 6 616.314-073.7 WHA 2896 23/10/2025 23/10/2025 3 11/08/2015 Libros 3 16/11/2025
    Clasificación Decimal Universal     Odontología BIBLIOTECA RIOBAMBA BIBLIOTECA RIOBAMBA BIBLIOTECA RIOBAMBA 11/08/2015 2897 3 616.314-073.7 WHA 2897 28/06/2022 13/06/2022 1 11/08/2015 Libros 1